Creative calligraphy : the art of beautiful writing

Bibliographic Details
Main Author: Couch, Malcolm (Author)
Format: Book
Published: London : Tiger Books International , c1996
Subjects:

MARC

LEADER 00000cam a2200000 7i4500
001 0000033611
005 20021119093000.0
008 021119n
020 |a 1855018438 
090 0 0 |a NK3600   |b .C6 1996 ff 
100 0 |a Couch, Malcolm ,   |e author 
245 0 0 |a Creative calligraphy :   |b the art of beautiful writing   |c Malcolm Couch 
260 2 |a London :   |b Tiger Books International ,   |c c1996 
300 |a 128 p. ; ;   |c 31 cm. 
504 |a Includes index 
650 0 |a Calligraphy 
999 |a 1000067930   |b Book   |c Close Access   |e Gong Badak Campus